[Event "DVM U16 2003"]
[Site "Greifswald GER"]
[Date "2003.12.28"]
[Round "3"]
[White "Nüsken, Nikolas"]
[Black "Schneider, Andreas"]
[Result "1-0"]
[Termination "normal"]
[Board "1.1"]
[WhiteElo "2209"]
[BlackElo "2108"]
[WhiteTeam "HSK/Post SV Hannover"]
[BlackTeam "Wilhelmshavener SF"]
[PlyCount "91"]
[WhiteFideId "24605891"]
[BlackFideId "24606022"]
[EventCountry "GER"]
[EventRounds "7"]
[EventType "team-swiss"]
[EventDate "2003.12.26"]

1. e4 c5 2. Nf3 e6 3. d4 cxd4 4. Nxd4 a6 5. Bd3 Nc6 6. Nxc6 dxc6 7. O-O Nf6 8.
e5 Nd7 9. Qe2 Qc7 10. Bf4 Nc5 11. Rd1 f5 12. a4 Nxd3 13. Rxd3 Bd7 14. Na3 b5
15. Rad1 Rd8 16. Bg5 Be7 17. Rd6 g6 18. Qe3 Bxd6 19. exd6 Qa7 20. Qe5 O-O 21.
Bxd8 Rxd8 22. a5 Bc8 23. b4 Qe7 24. Rd4 Qg5 25. f4 Qh6 26. Nb1 g5 27. fxg5 Qxg5
28. Nd2 Kf7 29. g3 Qf6 30. Nf3 Qxe5 31. Nxe5+ Kf6 32. Nxc6 Rd7 33. Nb8 Rd8 34.
d7 Bb7 35. Rd6 Ke7 36. Nc6+ Bxc6 37. Rxc6 Rxd7 38. Rxa6 Rd1+ 39. Kg2 Rd2+ 40.
Kh3 e5 41. Rb6 Rxc2 42. Rxb5 Kd6 43. a6 Rc7 44. Rb8 e4 45. b5 e3 46. b6 1-0

[Event "DVM U16 2003"]
[Site "Greifswald GER"]
[Date "2003.12.28"]
[Round "3"]
[White "Lubbe, Nikolas"]
[Black "Abel, Dennes"]
[Result "0-1"]
[Termination "normal"]
[Board "1.2"]
[WhiteElo "2103"]
[BlackElo "2139"]
[WhiteTeam "Wilhelmshavener SF"]
[BlackTeam "HSK/Post SV Hannover"]
[PlyCount "136"]
[WhiteFideId "4694031"]
[BlackFideId "24605417"]
[EventCountry "GER"]
[EventRounds "7"]
[EventType "team-swiss"]
[EventDate "2003.12.26"]

1. e4 c5 2. Nf3 Nc6 3. d4 cxd4 4. Nxd4 Nf6 5. Nc3 e5 6. Ndb5 d6 7. Bg5 a6 8.
Na3 b5 9. Bxf6 gxf6 10. Nd5 f5 11. exf5 Bxf5 12. c3 Bg7 13. Nc2 O-O 14. Nce3
Bg6 15. g3 e4 16. h4 h6 17. Bg2 Rb8 18. Nf4 Ne5 19. O-O Bh7 20. Qd5 Nd3 21.
Nxd3 exd3 22. Be4 Bxe4 23. Qxe4 b4 24. Qxd3 bxc3 25. bxc3 Qa5 26. Rac1 Qxa2 27.
Qxd6 Qe6 28. Qf4 a5 29. Nf5 Qf6 30. Qg4 Rfc8 31. Rfd1 Rc5 32. Nxg7 Qxg7 33. Qf4
Rbc8 34. Rd6 h5 35. Ra6 Rc4 36. Qf5 R4c5 37. Qf3 Qe5 38. Ra7 R8c7 39. Rxc7 Rxc7
40. c4 Rc5 41. Kg2 Kg7 42. Rd1 a4 43. Rc1 Kg6 44. Rc3 Qe6 45. Qd3+ f5 46. Qd2
Qe7 47. Re3 Re5 48. Rxe5 Qxe5 49. Qg5+ Kf7 50. Qxh5+ Ke7 51. Qg5+ Ke6 52. Qh6+
Kd7 53. Qd2+ Kc6 54. Qb4 Qe4+ 55. Kh2 Qc2 56. Qb5+ Kc7 57. Qc5+ Kb7 58. Qe7+
Ka6 59. Qd6+ Ka7 60. Qd7+ Ka6 61. Qb5+ Ka7 62. Qc5+ Ka6 63. h5 Kb7 64. h6 f4
65. Qe7+ Kb6 66. c5+ Kb5 67. Qb7+ Kc4 68. Qb4+ Kxb4 0-1

[Event "DVM U16 2003"]
[Site "Greifswald GER"]
[Date "2003.12.28"]
[Round "3"]
[White "Romakin, Helene"]
[Black "Lubbe, Alexander"]
[Result "1-0"]
[Termination "normal"]
[Board "1.3"]
[WhiteElo "2081"]
[BlackElo "1683"]
[WhiteTeam "HSK/Post SV Hannover"]
[BlackTeam "Wilhelmshavener SF"]
[PlyCount "61"]
[WhiteFideId "24605964"]
[EventCountry "GER"]
[EventRounds "7"]
[EventType "team-swiss"]
[EventDate "2003.12.26"]

1. Nf3 d5 2. g3 b6 3. Bg2 Bb7 4. c4 e6 5. O-O Nf6 6. b3 Nbd7 7. Bb2 c5 8. cxd5
exd5 9. d4 Rc8 10. Na3 c4 11. Rc1 c3 12. Rxc3 Rxc3 13. Bxc3 Bxa3 14. b4 a5 15.
bxa5 bxa5 16. Qb3 Bb4 17. Bxb4 axb4 18. Qxb4 Ba6 19. Ne5 Qe7 20. Qa5 Qd6 21.
Rc1 Bb7 22. Rc7 Qa6 23. Qb4 Ba8 24. Nxd7 Nxd7 25. Bh3 f5 26. Bxf5 Kf7 27. Rxd7+
Kf6 28. Qe7+ Kxf5 29. Qe5+ Kg6 30. Rxg7+ Kh6 31. Qg5# 1-0

[Event "DVM U16 2003"]
[Site "Greifswald GER"]
[Date "2003.12.28"]
[Round "3"]
[White "Konrad, Maximilian"]
[Black "Laake, Jasmin"]
[Result "0-1"]
[Termination "normal"]
[Board "1.4"]
[WhiteElo "1644"]
[BlackElo "1975"]
[WhiteTeam "Wilhelmshavener SF"]
[BlackTeam "HSK/Post SV Hannover"]
[PlyCount "102"]
[BlackFideId "4699939"]
[EventCountry "GER"]
[EventRounds "7"]
[EventType "team-swiss"]
[EventDate "2003.12.26"]

1. e4 c5 2. Nf3 d6 3. d4 cxd4 4. Nxd4 Nf6 5. Nc3 a6 6. f3 e5 7. Nb3 Be7 8. Be2
Be6 9. Nd5 Bxd5 10. exd5 Nbd7 11. Be3 b5 12. c4 bxc4 13. Bxc4 Nb6 14. Rc1 O-O
15. O-O a5 16. Qd3 Nxc4 17. Rxc4 a4 18. Nd2 Ra5 19. Ne4 Nxd5 20. Bd2 Qb6+ 21.
Kh1 Rb5 22. Rxa4 f5 23. Nc3 Nxc3 24. Bxc3 Bf6 25. Qxf5 d5 26. b3 Qc6 27. Bb2
Rc5 28. Ba3 Rc8 29. Bxc5 Qxc5 30. Qd3 Rd8 31. Qd2 d4 32. Rc4 Qb6 33. Rfc1 d3
34. b4 h6 35. h4 Rd4 36. a4 Bxh4 37. a5 Qd6 38. Rc6 Qd7 39. Rc7 Qa4 40. f4 e4
41. R1c4 Rxc4 42. Rxc4 Qa1+ 43. Kh2 Be1 44. Qe3 d2 45. Rc8+ Kf7 46. Qa7+ Kg6
47. Rf8 Kh5 48. Qf7+ Kh4 49. Qe7+ g5 50. g4 Bg3+ 51. Kg2 Qf1+ 0-1

[Event "DVM U16 2003"]
[Site "Greifswald GER"]
[Date "2003.12.28"]
[Round "3"]
[White "Papaioannou, Dimitri"]
[Black "Frübing, Stefan"]
[Result "0-1"]
[Termination "normal"]
[Board "2.1"]
[WhiteElo "1922"]
[BlackElo "2096"]
[WhiteTeam "SF Köln-Mülheim"]
[BlackTeam "SV Glück Auf Rüdersdorf"]
[PlyCount "104"]
[WhiteFideId "24673170"]
[BlackFideId "4682165"]
[EventCountry "GER"]
[EventRounds "7"]
[EventType "team-swiss"]
[EventDate "2003.12.26"]

1. e4 c5 2. Nf3 Nc6 3. Bb5 g6 4. O-O Bg7 5. Bxc6 dxc6 6. Re1 e5 7. d3 Ne7 8.
Be3 b6 9. Qc1 O-O 10. Bh6 f6 11. Bxg7 Kxg7 12. Qe3 Be6 13. c3 Qd7 14. d4 cxd4
15. cxd4 exd4 16. Nxd4 c5 17. Nxe6+ Qxe6 18. Nc3 Rad8 19. Rad1 Nc6 20. Nd5 Nd4
21. Qg3 Rxd5 22. exd5 Ne2+ 23. Rxe2 Qxe2 24. Qd3 Qxd3 25. Rxd3 Kf7 26. Ra3 Ra8
27. Kf1 Ke7 28. Ke2 Kd6 29. Re3 Kxd5 30. Re7 h5 31. Rd7+ Ke6 32. Rb7 h4 33. Ke3
Kd6 34. Kd3 g5 35. Kd2 Ke5 36. Re7+ Kf4 37. Ke2 Kf5 38. Rb7 Kg6 39. Ke3 f5 40.
Rc7 Kf6 41. Rc6+ Ke5 42. Rc7 a6 43. Rc6 Rb8 44. g3 hxg3 45. hxg3 g4 46. a4 Kd5
47. Rf6 Kc4 48. Rxf5 Kb3 49. a5 Kxb2 50. Kd3 Rd8+ 51. Ke3 c4 52. axb6 c3 0-1

[Event "DVM U16 2003"]
[Site "Greifswald GER"]
[Date "2003.12.28"]
[Round "3"]
[White "Becker, Nils"]
[Black "Krug, Kevin"]
[Result "1-0"]
[Termination "normal"]
[Board "2.2"]
[WhiteElo "2036"]
[BlackElo "1946"]
[WhiteTeam "SV Glück Auf Rüdersdorf"]
[BlackTeam "SF Köln-Mülheim"]
[PlyCount "71"]
[WhiteFideId "4695216"]
[BlackFideId "24609110"]
[EventCountry "GER"]
[EventRounds "7"]
[EventType "team-swiss"]
[EventDate "2003.12.26"]

1. e4 Nc6 2. Nf3 e5 3. Bc4 Nf6 4. d3 Bc5 5. O-O d6 6. c3 Bg4 7. Nbd2 Qd7 8. Bb3
O-O-O 9. Bc2 Ne7 10. b4 Bb6 11. Nc4 Ng6 12. h3 Bh5 13. Ba4 Qe6 14. Bb3 Qd7 15.
Bg5 h6 16. Bxf6 gxf6 17. Nfxe5 fxe5 18. Qxh5 Rdg8 19. Nxb6+ axb6 20. Qg4 Nf4
21. Qxd7+ Kxd7 22. g3 Ne2+ 23. Kh2 Nxc3 24. Bxf7 Rf8 25. Bh5 Nb5 26. f4 exf4
27. gxf4 Nd4 28. Rf2 Ra8 29. Rg1 b5 30. Rg7+ Kc6 31. f5 Rhf8 32. f6 Rh8 33. Re7
Raf8 34. f7 Kb6 35. Re8 Nc6 36. Rg2 1-0

[Event "DVM U16 2003"]
[Site "Greifswald GER"]
[Date "2003.12.28"]
[Round "3"]
[White "Krutwig, Longlong"]
[Black "Rutschke, Bernhard"]
[Result "1-0"]
[Termination "normal"]
[Board "2.3"]
[WhiteElo "1928"]
[BlackElo "1922"]
[WhiteTeam "SF Köln-Mülheim"]
[BlackTeam "SV Glück Auf Rüdersdorf"]
[PlyCount "81"]
[WhiteFideId "24629979"]
[BlackFideId "24611050"]
[EventCountry "GER"]
[EventRounds "7"]
[EventType "team-swiss"]
[EventDate "2003.12.26"]

1. d4 d5 2. Nf3 Nf6 3. Bf4 Bf5 4. e3 e6 5. Nbd2 Be7 6. h3 O-O 7. Nh4 Bg6 8.
Nxg6 hxg6 9. Bd3 c5 10. c3 Nc6 11. O-O Qd7 12. Nf3 c4 13. Bc2 Bd6 14. Bg5 Nh7
15. Re1 Nxg5 16. Nxg5 f5 17. f4 Be7 18. h4 Bxg5 19. hxg5 Kf7 20. Kf2 Rh8 21.
Rh1 Ne7 22. Qf3 Raf8 23. Rh3 Rxh3 24. Qxh3 a6 25. Ke2 Qd8 26. Rh1 Qa5 27. a3
Qb6 28. Kd2 Qxb2 29. Rb1 Qxa3 30. Rxb7 Ra8 31. Qh1 a5 32. Qb1 Qd6 33. Qb5 Qd8
34. Ba4 Kf8 35. Qc5 Rc8 36. Rd7 Qxd7 37. Bxd7 Rxc5 38. dxc5 Kf7 39. c6 a4 40.
c7 a3 41. Kc2 1-0

[Event "DVM U16 2003"]
[Site "Greifswald GER"]
[Date "2003.12.28"]
[Round "3"]
[White "Beißer, Jacob"]
[Black "Kanevski, Vladyslav"]
[Result "1/2-1/2"]
[Termination "normal"]
[Board "2.4"]
[WhiteElo "1935"]
[BlackElo "1672"]
[WhiteTeam "SV Glück Auf Rüdersdorf"]
[BlackTeam "SF Köln-Mülheim"]
[PlyCount "92"]
[WhiteFideId "24603392"]
[BlackFideId "1270581"]
[EventCountry "GER"]
[EventRounds "7"]
[EventType "team-swiss"]
[EventDate "2003.12.26"]

1. d4 Nf6 2. Nc3 d5 3. Bg5 Bf5 4. Nf3 Nbd7 5. e3 h6 6. Bh4 c6 7. Bd3 Ne4 8. Nd2
Nd6 9. e4 dxe4 10. Ncxe4 Bxe4 11. Bxe4 Qb6 12. Qb1 Nxe4 13. Nxe4 Qxd4 14. c3
Qc4 15. Bg3 Nc5 16. Nxc5 Qxc5 17. O-O e6 18. Rd1 Be7 19. Qc2 O-O 20. Rd7 b6 21.
b4 Qg5 22. Qe4 Rfc8 23. Bf4 Qf6 24. Be5 Qh4 25. Qf3 Bf6 26. g3 Qg5 27. Bxf6
Qxf6 28. Qxf6 gxf6 29. Rad1 c5 30. b5 a6 31. a4 axb5 32. axb5 Ra5 33. c4 Ra4
34. Rb7 Rxc4 35. Rdd7 Rf8 36. Rxb6 Rb4 37. Rc7 c4 38. Rbb7 Kg7 39. b6 Kg6 40.
Kg2 f5 41. Rc6 Kf6 42. Rbc7 Ke5 43. Rxc4 Rxb6 44. Rh4 Kd6 45. Ra7 Rb2 46. Rxh6
Rc2 1/2-1/2

[Event "DVM U16 2003"]
[Site "Greifswald GER"]
[Date "2003.12.28"]
[Round "3"]
[White "Süß, Stefan"]
[Black "Strohhäker, Raoul"]
[Result "0-1"]
[Termination "normal"]
[Board "3.1"]
[WhiteElo "2009"]
[BlackElo "2106"]
[WhiteTeam "FSV Großenseebach"]
[BlackTeam "SF Conweiler"]
[PlyCount "116"]
[WhiteFideId "24606090"]
[BlackFideId "4687400"]
[EventCountry "GER"]
[EventRounds "7"]
[EventType "team-swiss"]
[EventDate "2003.12.26"]

1. Nf3 d5 2. d4 Bf5 3. e3 e6 4. b3 Nf6 5. Bb2 Bd6 6. Be2 O-O 7. Nbd2 Nbd7 8.
Nh4 c6 9. Nxf5 exf5 10. O-O Ne4 11. f3 Qh4 12. f4 Nxd2 13. Qxd2 Rfe8 14. Bd3 g6
15. Qf2 Qe7 16. Rae1 Nf6 17. h3 Qc7 18. Qh4 Be7 19. Qg3 Kh8 20. Qf3 h5 21. Rc1
Kg7 22. Qg3 Qd7 23. Rfe1 a5 24. a4 Qd8 25. Qf3 Qb6 26. Kh2 Bd6 27. Kh1 Bb4 28.
Re2 Qd8 29. Qg3 Be7 30. Bxf5 h4 31. Qxh4 Rh8 32. Qg3 Nh5 33. Qg4 Bh4 34. Bd3
Ng3+ 35. Kg1 Nxe2+ 36. Qxe2 f5 37. Qf3 Qe7 38. g3 Bf6 39. Kg2 Rh7 40. Rh1 Re8
41. Bc1 Qb4 42. Qf2 Kf7 43. Bd2 Qb6 44. Qf3 Qc7 45. h4 Reh8 46. Qe2 b6 47. Rc1
Bxh4 48. Rh1 Bf6 49. Rxh7+ Rxh7 50. Qf3 Qd8 51. Kf1 Qh8 52. Be1 Rh1+ 53. Ke2
Qh2+ 54. Bf2 Be7 55. Ba6 Bb4 56. Bb7 Rc1 57. Kd3 Qh3 58. Qe2 Qh1 0-1

[Event "DVM U16 2003"]
[Site "Greifswald GER"]
[Date "2003.12.28"]
[Round "3"]
[White "Strohhäker, Ralph"]
[Black "Borel, Markus"]
[Result "0-1"]
[Termination "normal"]
[Board "3.2"]
[WhiteElo "2131"]
[BlackElo "1926"]
[WhiteTeam "SF Conweiler"]
[BlackTeam "FSV Großenseebach"]
[PlyCount "90"]
[WhiteFideId "4693426"]
[BlackFideId "24605522"]
[EventCountry "GER"]
[EventRounds "7"]
[EventType "team-swiss"]
[EventDate "2003.12.26"]

1. c4 g6 2. Nc3 Bg7 3. e4 d6 4. d4 Nc6 5. Be3 e5 6. Nge2 exd4 7. Nxd4 Nge7 8.
Be2 O-O 9. O-O f5 10. Qd2 fxe4 11. Nxe4 Nf5 12. Nxf5 Bxf5 13. Ng5 Qf6 14. c5
Kh8 15. cxd6 cxd6 16. Rfd1 Qxb2 17. Qxb2 Bxb2 18. Rac1 h6 19. Rc4 hxg5 20. Bxg5
Kg7 21. g4 d5 22. Rc5 Be6 23. Rb5 Bf6 24. Rxb7+ Rf7 25. Bxf6+ Kxf6 26. Rb2 Ne5
27. h3 Nc4 28. Rb4 Kg7 29. Ra1 Re8 30. Bd3 Rc7 31. Kg2 Bf7 32. Rab1 Nb6 33. Kg3
Rcc8 34. Ba6 Rc3+ 35. Kg2 Ra3 36. Bb5 Rxa2 37. h4 Nc4 38. Bxc4 dxc4 39. h5 Bd5+
40. Kg3 Ra3+ 41. Kh4 Rf3 42. Rb8 c3 43. Rc1 Re4 44. hxg6 Be6 45. Rg1 Kxg6 0-1

[Event "DVM U16 2003"]
[Site "Greifswald GER"]
[Date "2003.12.28"]
[Round "3"]
[White "Hofmann, Benjamin"]
[Black "Augner, Björn"]
[Result "1/2-1/2"]
[Termination "normal"]
[Board "3.3"]
[WhiteElo "1979"]
[BlackElo "1759"]
[WhiteTeam "FSV Großenseebach"]
[BlackTeam "SF Conweiler"]
[PlyCount "63"]
[WhiteFideId "24605743"]
[EventCountry "GER"]
[EventRounds "7"]
[EventType "team-swiss"]
[EventDate "2003.12.26"]

1. e4 e6 2. d4 d5 3. Nc3 dxe4 4. Nxe4 Nd7 5. Nf3 Ngf6 6. Nxf6+ Nxf6 7. Bd3 Be7
8. O-O O-O 9. Qe2 b6 10. c3 Bb7 11. Re1 h6 12. Bd2 c5 13. Be3 Qc7 14. dxc5 Bxc5
15. Bxc5 Qxc5 16. Rad1 Qh5 17. Nd2 Qd5 18. Ne4 Nxe4 19. Bxe4 Qxe4 20. Qxe4 Bxe4
21. Rxe4 Rac8 22. Rd7 Rfd8 23. Red4 Rxd7 24. Rxd7 a5 25. Kf1 Rc5 26. Ke2 g6 27.
Kd3 Kg7 28. b3 Kf6 29. c4 Rc6 30. Ke4 a4 31. h4 axb3 32. axb3 1/2-1/2

[Event "DVM U16 2003"]
[Site "Greifswald GER"]
[Date "2003.12.28"]
[Round "3"]
[White "Baldauf, Marco"]
[Black "Degtiarev, Jevgeni"]
[Result "1-0"]
[Termination "normal"]
[Board "4.1"]
[WhiteElo "2131"]
[BlackElo "2284"]
[WhiteTeam "SG Pang/Rosenheim"]
[BlackTeam "SG Aufbau Elbe Magdeburg"]
[PlyCount "31"]
[WhiteFideId "4688210"]
[BlackFideId "4149610"]
[EventCountry "GER"]
[EventRounds "7"]
[EventType "team-swiss"]
[EventDate "2003.12.26"]

1. e4 e5 2. Nf3 Nc6 3. Nc3 Nf6 4. a3 d5 5. Bb5 d4 6. Ne2 Bd6 7. d3 h6 8. O-O a6
9. Ba4 b5 10. Bb3 Na5 11. Ba2 c5 12. c3 Bg4 13. Ng3 g5 14. Re1 Nh5 15. h3 Nxg3
16. hxg4 1-0

[Event "DVM U16 2003"]
[Site "Greifswald GER"]
[Date "2003.12.28"]
[Round "3"]
[White "Großmann, Susan"]
[Black "Lindenberg, Georg"]
[Result "0-1"]
[Termination "normal"]
[Board "4.2"]
[WhiteElo "1886"]
[BlackElo "1889"]
[WhiteTeam "SG Aufbau Elbe Magdeburg"]
[BlackTeam "SG Pang/Rosenheim"]
[PlyCount "58"]
[WhiteFideId "24608220"]
[BlackFideId "24612170"]
[EventCountry "GER"]
[EventRounds "7"]
[EventType "team-swiss"]
[EventDate "2003.12.26"]

1. e4 c5 2. Nf3 e6 3. d3 Nc6 4. g3 d5 5. Nbd2 Nf6 6. Bg2 Be7 7. O-O O-O 8. Re1
b5 9. exd5 Nxd5 10. Ne4 Bb7 11. Bd2 Qc7 12. c4 bxc4 13. dxc4 Ndb4 14. Bc3 Rfd8
15. Qa4 Nd3 16. Red1 Ncb4 17. Ne1 Bc6 18. Qb3 f5 19. Nxd3 Nxd3 20. Nd2 Bxg2 21.
Kxg2 e5 22. Nf1 Qc6+ 23. Kg1 Qf3 24. Be1 Bg5 25. Qa3 e4 26. Nd2 Qe2 27. Nf1 Rd6
28. Rab1 Rad8 29. b4 Nxf2 0-1

[Event "DVM U16 2003"]
[Site "Greifswald GER"]
[Date "2003.12.28"]
[Round "3"]
[White "Baldauf, Manuel"]
[Black "Reichel, Matti"]
[Result "1/2-1/2"]
[Termination "normal"]
[Board "4.3"]
[WhiteElo "1658"]
[BlackElo "1614"]
[WhiteTeam "SG Pang/Rosenheim"]
[BlackTeam "SG Aufbau Elbe Magdeburg"]
[PlyCount "120"]
[WhiteFideId "4648528"]
[EventCountry "GER"]
[EventRounds "7"]
[EventType "team-swiss"]
[EventDate "2003.12.26"]

1. e4 c5 2. Nf3 e6 3. d4 cxd4 4. Nxd4 Nf6 5. Nc3 Nc6 6. Be2 Bb4 7. f3 O-O 8.
Be3 Qa5 9. Qd2 d5 10. Bd3 Bxc3 11. bxc3 dxe4 12. fxe4 Rd8 13. O-O Nxd4 14. cxd4
Qxd2 15. Bxd2 Rxd4 16. Bc3 Rd7 17. Bxf6 gxf6 18. Rxf6 Kg7 19. Raf1 b6 20. R1f2
Bb7 21. Kf1 Rc8 22. Ke2 Rc3 23. h4 Ra3 24. h5 Rxa2 25. h6+ Kf8 26. e5 Ba6 27.
Bxa6 Rxa6 28. Rxe6 Ra2 29. Rc6 Re7 30. Rf5 Ra5 31. Rc8+ Re8 32. Rxe8+ Kxe8 33.
Rg5 Ke7 34. Rg7 Rxe5+ 35. Kd3 Kf6 36. Rxh7 Rg5 37. Rh8 Rxg2 38. h7 Rh2 39. Ra8
Rxh7 40. Rxa7 Rh5 41. Rb7 b5 42. Rb6+ Kg7 43. Kc3 Rc5+ 44. Kd4 Rxc2 45. Rxb5
Kg6 46. Ke4 Rf2 47. Rb1 f5+ 48. Ke3 Ra2 49. Rg1+ Kf6 50. Kf3 Ra4 51. Rb1 Kg5
52. Rg1+ Kf6 53. Rb1 Rc4 54. Ra1 Rg4 55. Rb1 Rc4 56. Ra1 Rg4 57. Rb1 Kg5 58.
Ra1 f4 59. Ra5+ Kh4 60. Rf5 Rg3+ 1/2-1/2

[Event "DVM U16 2003"]
[Site "Greifswald GER"]
[Date "2003.12.28"]
[Round "3"]
[White "Spandel, Michael"]
[Black "Häußler, Philipp"]
[Result "0-1"]
[Termination "normal"]
[Board "4.4"]
[WhiteElo "1544"]
[BlackElo "1705"]
[WhiteTeam "SG Aufbau Elbe Magdeburg"]
[BlackTeam "SG Pang/Rosenheim"]
[PlyCount "102"]
[EventCountry "GER"]
[EventRounds "7"]
[EventType "team-swiss"]
[EventDate "2003.12.26"]

1. e4 e6 2. d4 d5 3. Nc3 Nf6 4. e5 Nfd7 5. f4 c5 6. Nf3 Nc6 7. Be3 cxd4 8. Nxd4
Bc5 9. Qd2 a6 10. Qf2 Bb4 11. Nde2 b5 12. g4 Bb7 13. Bg2 Qc7 14. O-O-O Na5 15.
Rhf1 Nc4 16. Bd4 Qa5 17. Qg3 Bxc3 18. Nxc3 b4 19. Nb1 Qxa2 20. f5 Rc8 21. Rf2
Nc5 22. fxe6 fxe6 23. Qf3 Na3 24. Qf7+ Kd8 25. Bxc5 Qxb1+ 26. Kd2 Qxc2+ 27. Ke1
Qxc5 28. Qxb7 Nc2+ 29. Ke2 Nd4+ 30. Kf1 Qb5+ 31. Qxb5 Nxb5 32. Rf7 Rc7 33. Rf4
a5 34. Ra1 Ra7 35. Ke2 Ke7 36. g5 Rc8 37. Kd2 b3 38. Rf2 Rc2+ 39. Ke3 Rxf2 40.
Kxf2 Nd4 41. Bf1 Nc6 42. Ra3 a4 43. Ke3 Nxe5 44. Bb5 Nc4+ 45. Bxc4 dxc4 46. Kd4
c3 47. Kxc3 Rc7+ 48. Kb4 Rc2 49. Kxa4 Rxb2 50. Rxb3 Rxb3 51. Kxb3 Kf7 0-1

[Event "DVM U16 2003"]
[Site "Greifswald GER"]
[Date "2003.12.28"]
[Round "3"]
[White "Ehrhardt, Eric"]
[Black "von der Ahé, Florian"]
[Result "0-1"]
[Termination "normal"]
[Board "5.1"]
[WhiteElo "2060"]
[BlackElo "1675"]
[WhiteTeam "SG Turm Leipzig"]
[BlackTeam "Rochade Kuppenheim"]
[PlyCount "68"]
[WhiteFideId "24602450"]
[BlackFideId "12970506"]
[EventCountry "GER"]
[EventRounds "7"]
[EventType "team-swiss"]
[EventDate "2003.12.26"]

1. e4 c5 2. d4 cxd4 3. c3 Nc6 4. Nf3 d5 5. exd5 Qxd5 6. cxd4 Bg4 7. Be2 e6 8.
O-O Nf6 9. Nc3 Qd7 10. Be3 Be7 11. Qc2 Rc8 12. Rfd1 Bf5 13. Qd2 Bb4 14. Bd3 Bg4
15. a3 Bxf3 16. gxf3 Ba5 17. Bc2 O-O 18. Qd3 Bxc3 19. bxc3 Qd5 20. Kg2 Ne7 21.
Rab1 a6 22. Rg1 Ng6 23. Kf1 Qxf3 24. Rg3 Qc6 25. Bd2 Qh1+ 26. Ke2 Qxh2 27. Rh3
Qc7 28. Qf3 Nd5 29. Rbh1 Ndf4+ 30. Kd1 h6 31. Qg4 f5 32. Qg3 Nxh3 33. Qxg6
Nxf2+ 34. Ke1 Nxh1 0-1

[Event "DVM U16 2003"]
[Site "Greifswald GER"]
[Date "2003.12.28"]
[Round "3"]
[White "Mrinski, Evgenij"]
[Black "Schumacher, Markus"]
[Result "1/2-1/2"]
[Termination "normal"]
[Board "5.2"]
[WhiteElo "1724"]
[BlackElo "1629"]
[WhiteTeam "Rochade Kuppenheim"]
[BlackTeam "SG Turm Leipzig"]
[PlyCount "120"]
[EventCountry "GER"]
[EventRounds "7"]
[EventType "team-swiss"]
[EventDate "2003.12.26"]

1. e4 d5 2. e5 c5 3. d3 Nc6 4. f4 Bf5 5. Nf3 e6 6. g3 Be7 7. Bg2 h5 8. h3 Qc7
9. Kf2 Nh6 10. Na3 f6 11. Re1 Nf7 12. exf6 Bxf6 13. c3 O-O-O 14. d4 Nd6 15. Ne5
g5 16. Nxc6 Qxc6 17. dxc5 Ne4+ 18. Bxe4 dxe4 19. Qe2 gxf4 20. Bxf4 e5 21. Be3
Rd3 22. Kg2 Qd7 23. h4 Bg4 24. Qf2 Bf3+ 25. Kh2 Rg8 26. Rg1 Qg4 27. Nc4 Qe6 28.
Nd2 Rg4 29. Nxf3 exf3 30. Qxf3 Bxh4 31. gxh4 Rxh4+ 32. Kg2 Rg4+ 33. Kf2 Rf4 34.
Bxf4 Rxf3+ 35. Kxf3 Qf5 36. Ke2 exf4 37. Kd2 Qxc5 38. Rg8+ Kc7 39. Rg7+ Kc6 40.
Rg6+ Kd7 41. Rg7+ Ke6 42. Rag1 Qd5+ 43. Kc1 Qxa2 44. R1g6+ Kf5 45. Rg5+ Ke4 46.
Rxh5 f3 47. Re7+ Kd3 48. Rd7+ Ke2 49. Rh2+ Ke3 50. Rd4 Qa1+ 51. Kc2 Qf1 52.
Rhd2 f2 53. R2d3+ Qxd3+ 54. Rxd3+ Ke2 55. Rd7 f1=Q 56. Re7+ Kf3 57. Rf7+ Ke2
58. Rxf1 Kxf1 59. Kd3 a5 60. Kc4 Ke2 1/2-1/2

[Event "DVM U16 2003"]
[Site "Greifswald GER"]
[Date "2003.12.28"]
[Round "3"]
[White "Jänig, Philipp"]
[Black "Stiefel, Michael"]
[Result "0-1"]
[Termination "normal"]
[Board "5.3"]
[WhiteElo "1494"]
[BlackElo "1842"]
[WhiteTeam "SG Turm Leipzig"]
[BlackTeam "Rochade Kuppenheim"]
[PlyCount "96"]
[BlackFideId "24608556"]
[EventCountry "GER"]
[EventRounds "7"]
[EventType "team-swiss"]
[EventDate "2003.12.26"]

1. e4 c5 2. d4 cxd4 3. c3 d5 4. exd5 Qxd5 5. Qxd4 Qxd4 6. cxd4 Nf6 7. Bc4 Nc6
8. Ne2 e6 9. O-O Be7 10. Nbc3 O-O 11. Be3 b6 12. Rad1 Bb7 13. a3 Rac8 14. d5
Na5 15. Ba2 exd5 16. Nxd5 Bxd5 17. Bxd5 Rc2 18. b4 Nxd5 19. Rxd5 Nc4 20. Nd4
Nxe3 21. fxe3 Rc3 22. Nb5 Rxe3 23. Rf3 Rxf3 24. gxf3 a6 25. Nc7 g6 26. Rd7 Bf6
27. Rd6 Bb2 28. Kg2 Be5 29. Rd7 Bxc7 30. Rxc7 Ra8 31. Kg3 Kg7 32. Kg4 h5+ 33.
Kg5 Rd8 34. Ra7 a5 35. bxa5 Rd5+ 36. Kf4 Rxa5 37. Rxa5 bxa5 38. Ke5 g5 39. Kf5
f6 40. a4 Kf7 41. h3 Kg7 42. f4 Kh6 43. fxg5+ fxg5 44. Ke5 Kg6 45. Ke4 Kf6 46.
Kd3 Kf5 47. Ke3 Ke5 48. Kf3 Kd4 0-1

[Event "DVM U16 2003"]
[Site "Greifswald GER"]
[Date "2003.12.28"]
[Round "3"]
[White "Schneider, Olaf"]
[Black "Ebert, Andreas"]
[Result "1-0"]
[Termination "normal"]
[Board "5.4"]
[WhiteElo "1410"]
[BlackElo "1624"]
[WhiteTeam "Rochade Kuppenheim"]
[BlackTeam "SG Turm Leipzig"]
[PlyCount "63"]
[EventCountry "GER"]
[EventRounds "7"]
[EventType "team-swiss"]
[EventDate "2003.12.26"]

1. e4 e6 2. d4 d5 3. exd5 exd5 4. Nf3 Nf6 5. c4 c6 6. Nc3 Bf5 7. Bg5 Be7 8. Qb3
Qc7 9. cxd5 Nbd7 10. Bc4 O-O 11. O-O b5 12. Be2 b4 13. dxc6 bxc3 14. cxd7 Qxd7
15. bxc3 Rab8 16. Qd1 Ne4 17. Bxe7 Qxe7 18. Rc1 Rb2 19. Re1 Qa3 20. Nh4 Bd7 21.
Qd3 Nd6 22. c4 Qa5 23. c5 Bb5 24. Qf3 Nc4 25. Bxc4 Bxc4 26. Qc3 Qxc3 27. Rxc3
Be6 28. Rd1 Rxa2 29. h3 Bd5 30. c6 Rc8 31. c7 Rb2 32. Nf5 1-0

[Event "DVM U16 2003"]
[Site "Greifswald GER"]
[Date "2003.12.28"]
[Round "3"]
[White "Schneider, David"]
[Black "Hoffmann, Udo"]
[Result "0-1"]
[Termination "normal"]
[Board "6.1"]
[WhiteElo "2026"]
[BlackElo "2138"]
[WhiteTeam "SK Dicker Turm Münnerstadt"]
[BlackTeam "SF 74 Heinsberg"]
[PlyCount "84"]
[WhiteFideId "4697111"]
[BlackFideId "24605735"]
[EventCountry "GER"]
[EventRounds "7"]
[EventType "team-swiss"]
[EventDate "2003.12.26"]

1. e4 c5 2. Nf3 Nc6 3. Bb5 d6 4. O-O Bd7 5. c3 g6 6. d4 cxd4 7. cxd4 Bg7 8. Nc3
a6 9. Bc4 b5 10. Bd5 Nf6 11. Re1 O-O 12. Bg5 b4 13. Ne2 Nxd5 14. exd5 Na5 15.
Ng3 f6 16. Bd2 Re8 17. Bxb4 Rb8 18. a3 Rb5 19. Ne2 Rxd5 20. Nf4 Rb5 21. Ne6
Bxe6 22. Rxe6 Nc6 23. Bc3 Qb6 24. Qe2 Kf8 25. Re1 Qb8 26. a4 Rb6 27. Qe3 Rb7
28. d5 Nd8 29. Rxf6+ Bxf6 30. Qh6+ Kg8 31. Bxf6 e5 32. Ng5 Qc7 33. Ne4 Rf8 34.
h4 Rb4 35. Bg5 Rxe4 36. Rxe4 Nf7 37. Bd8 Rxd8 38. Qe3 Rc8 39. Qg3 Qc1+ 40. Kh2
Rc4 41. Re3 Qd1 42. Qh3 Qg4 0-1